00719cam a22002053a 450000100060000000300060000600500170001200800410002904000150007004200070008505000070009224501340009926000290023350600300026251600200029265300540031265300760036683000290044285600420047121983PGUSA20140828083452.0070701s2007||||xxu|||||s|||||000 | eng d aPGUSAbeng adc 4aAP14aThe Continental Monthly, Vol. 4, No. 1, July, 1863 :bDevoted to Literature and National Policyh[electronic resource] /cVarious bProject Gutenberg,c2007 aPublic domain in the USA. aElectronic text aLiterature, Modern -- 19th century -- Periodicals aUnited States -- Politics and government -- 19th century -- Periodicals 0aProject Gutenbergv2198340uhttp://www.gutenberg.org/ebooks/21983